Estudio general de suelos y zonificación de tierras, departamento del Chocó escala 1:100.000 / (Registro nro. 8531)
[ vista simple ]
| 000 -CABECERA | |
|---|---|
| Campo de control | 00855nam a22002177a 4500 |
| 005 - FECHA Y HORA DE LA ULTIMA TRANSACCION | |
| Campo de control | 20150909020002.0 |
| 008 - ELEMENTOS DE LONGITUD FIJA—INFORMACION GENERAL | |
| Campo de control | 131112s2011 ck a gr 00010 spa d |
| 020 ## - ISBN | |
| ISBN Cancelado/ Invalidado | 9789588323398 |
| 041 0# - IDIOMA | |
| Código de idioma para texto/pista de sonido o título separado | Español |
| 082 04 - NUMERO DE CLASIFICACION DECIMAL DEWEY | |
| Número de clasificación | 631.4098 |
| Número del ítem | I24e |
| 110 2# - ASIENTO PRINCIPAL--NOMBRE CORPORATIVO | |
| Nombre corporativo o de jurisdicción como elemento de entrada | Instituto Geográfico Agustín Codazzi |
| 245 10 - MENCION DE TITULO | |
| Título | Estudio general de suelos y zonificación de tierras, departamento del Chocó escala 1:100.000 / |
| Mención de responsabilidad | IGAC |
| 260 ## - PUBLICACION, DISTRIBUCION, ETC. (PIE DE IMPRENTA) | |
| Lugar de publicación, distribución, etc. | Bogotá |
| Nombre del editor, distribuidor, etc. | Imprenta Nacional de Colombia, |
| Fecha de publicación, distribución, etc. | 2011. |
| 300 ## - DESCRIPCION FISICA | |
| Extensión | 330 p. : |
| Otros detalles físicos | il. ; |
| Dimensiones | 28 cm. + |
| Material acompañante | 1 CD-Rom + 2 mapas plegables. |
| 504 ## - NOTA DE BIBLIOGRAFIA, ETC. | |
| Nota de bibliografía | Incluye bibliografía. |
| 650 #4 - ASIENTO SECUNDARIO DE MATERIA - TERMINO TEMATICO | |
| Término temático o nombre geográfico como elemento de entrada | Suelos |
| Subdivisión general | Clasificación |
| Subdivisión geográfica | Chocó (Colombia) |
| 650 #4 - ASIENTO SECUNDARIO DE MATERIA - TERMINO TEMATICO | |
| Término temático o nombre geográfico como elemento de entrada | Uso de la tierra |
| Subdivisión geográfica | Chocó (Colombia) |
| 650 #4 - ASIENTO SECUNDARIO DE MATERIA - TERMINO TEMATICO | |
| Término temático o nombre geográfico como elemento de entrada | Climatología |
| Subdivisión geográfica | Chocó (Colombia) |
| 650 #4 - ASIENTO SECUNDARIO DE MATERIA - TERMINO TEMATICO | |
| Término temático o nombre geográfico como elemento de entrada | Química de suelos |
| Subdivisión geográfica | Chocó (Colombia) |
| 942 ## - ELEMENTOS ADICIONALES (KOHA) | |
| Sistema de clasificación | Dewey Decimal Classification |
| Tipo de ítem | Impreso |
| Koha issues (borrowed), all copies | 1 |
| Withdrawn status | Lost status | Sistema de Clasificación | Damaged status | No para préstamo | Colección | Inventariado | Ubicación Permanente | Ubicación actual | Fecha de adquisición | Fuente de Valor | Valor | Total Checkouts | Número topográfico | Inventario / Código de Barras | Date last seen | Date checked out | Ejemplar | Price effective from | Forma de adquisición | Tipo de material | Public note |
|---|---|---|---|---|---|---|---|---|---|---|---|---|---|---|---|---|---|---|---|---|---|
| Dewey Decimal Classification | General | Inventariado 2017 | Bogotá | Bogotá | 10/07/2014 | Instituto | 39000.00 | 1 | LB-631.4098 I24e | 034134 | 08/09/2015 | 08/09/2015 | Ej. 1 | 10/07/2014 | Canje | Libro | |||||
| Dewey Decimal Classification | Audiovisual | Inventariado 2017 | Bogotá | Bogotá | 10/07/2014 | LB-631.4098 I24e | 034135 | 10/07/2014 | Anexos | 10/07/2014 | Canje | CD-ROM | |||||||||
| Dewey Decimal Classification | Referencia | Inventariado 2017 | Bogotá | Bogotá | 10/07/2014 | LB-631.4098 I24e | 038136 | 10/07/2014 | Mapa 1 | 10/07/2014 | Canje | Mapa | Departamento del Choco, mapa de suelos Escala 1:500.000 (año 2012) | ||||||||
| Dewey Decimal Classification | Referencia | Inventariado 2017 | Bogotá | Bogotá | 10/07/2014 | LB-631.4098 I24e | 038135 | 10/07/2014 | Mapa 2 | 10/07/2014 | Canje | Mapa | Departamento del Choco, mapa zonificación de tierras. Escala 1:500.000 (año 2012) |